[Event "AUTO-ADV-4846"]
[Site "http://www.queenalice.com/game.php?id=1856720"]
[Date "2025.5.4"]
[Round "2"]
[White "shmurtz91"]
[Black "Canaye14"]
[Result "1-0"]
[WhiteElo "1889"]
[BlackElo "1892"]

1. d4 e6 2. e4 d5 3. Nf3 dxe4 4. Ne5 Nf6 5. Bg5 Be7 6. Nd2 e3 7. fxe3 Nbd7 8.
Nd3 h6 9. Bh4 O-O 10. c4 c5 11. Be2 cxd4 12. exd4 b6 13. O-O Bb7 14. Qc2 Rc8 15.
b3 Ne4 16. Bxe7 Qxe7 17. Nf3 f5 18. Nf4 g5 19. Nd3 Ndf6 20. Nde5 Kg7 21. Bd3 b5
22. Rad1 bxc4 23. bxc4 Ba6 24. Rc1 Nd6 25. Qa4 Qb7 26. Rb1 Qa8 27. Qxa6 Nfe8 28.
Nd7 Rf7 29. Nfe5 Re7 30. c5 Nf7 31. Nxf7 Rxd7 32. Bxf5 Rc6 33. Qe2 Rxf7 34. Bxe6
Rxf1+ 35. Rxf1 Rc7 36. Qe5+ Kh7 37. Qf5+ Kg7 38. Qf8+ Kh7 39. Bg8+ Kg6 40. Bf7+
Rxf7 41. Qxf7# 1-0

[Event "AUTO-ADV-4846"]
[Site "http://www.queenalice.com/game.php?id=1856723"]
[Date "2025.5.4"]
[Round "2"]
[White "shmurtz91"]
[Black "matamuff"]
[Result "1-0"]
[WhiteElo "1902"]
[BlackElo "1863"]

1. d4 d6 2. e4 e5 3. dxe5 dxe5 4. Qxd8+ Kxd8 5. Nc3 c6 6. Nf3 f6 7. Bc4 Bb4 8.
Bd2 g5 9. O-O-O Bxc3 10. Bxc3+ Kc7 11. Nxe5 h5 12. Nf7 Rh7 13. Nd8 Nd7 14. Bxg8
Rg7 15. Ne6+ 1-0

[Event "AUTO-ADV-4846"]
[Site "http://www.queenalice.com/game.php?id=1856724"]
[Date "2025.5.4"]
[Round "2"]
[White "matamuff"]
[Black "shmurtz91"]
[Result "0-1"]
[WhiteElo "1875"]
[BlackElo "1905"]

1. Na3 e5 2. Nc4 Nc6 3. e4 Bc5 4. d3 h6 5. Nf3 d6 6. Be3 Bxe3 7. Nxe3 Be6 8. c3
Nf6 9. Qc2 Ne7 10. g3 d5 11. Bg2 c6 12. O-O Qd7 13. a4 Bh3 14. Rfd1 Ng6 15. Nd2
O-O 16. Nf3 Rac8 17. Nh4 Nxh4 18. Bf1 d4 19. Ng2 Nf3+ 20. Kh1 c5 21. c4 Ng4 22.
Nh4 Bxf1 23. Rxf1 Ngxh2 24. Nxf3 Nxf1 25. Rxf1 Qh3+ 26. Nh2 Rc6 27. Rg1 f5 28.
f3 Rcf6 29. Qg2 Qh5 30. f4 fxe4 31. g4 Qf7 32. fxe5 Rf2 33. Qg3 e3 34. b3 e2 35.
Re1 Rxh2+ 36. Qxh2 Qf1+ 37. Qg1 Qxe1 0-1

[Event "AUTO-ADV-4869"]
[Site "http://www.queenalice.com/game.php?id=1858136"]
[Date "2025.6.2"]
[Round "1"]
[White "rockaudrey"]
[Black "shmurtz91"]
[Result "1-0"]
[WhiteElo "2101"]
[BlackElo "2003"]

1. e4 g6 2. d4 d6 3. Nf3 Bg7 4. Nc3 a6 5. Be3 e6 6. Qd2 c6 7. O-O-O b5 8. Kb1 a5
9. h4 a4 10. a3 b4 11. axb4 a3 12. b3 Nf6 13. Ka2 Na6 14. Bxa6 Rxa6 15. Bg5 Qb6
16. Na4 Qa7 17. Bxf6 Bxf6 18. e5 Be7 19. exd6 Bxd6 20. Nc5 Rb6 21. h5 Qb8 22. c3
Bf4 23. Qe2 Qd6 24. hxg6 fxg6 25. g3 1-0

[Event "AUTO-ADV-4869"]
[Site "http://www.queenalice.com/game.php?id=1858137"]
[Date "2025.6.2"]
[Round "1"]
[White "shmurtz91"]
[Black "rockaudrey"]
[Result "0-1"]
[WhiteElo "1991"]
[BlackElo "2124"]

1. d4 Nf6 2. Nf3 e6 3. e3 d5 4. c4 Be7 5. b3 b6 6. Bd2 O-O 7. Qc2 Ba6 8. Bd3
Nbd7 9. Bc3 c5 10. Nbd2 Re8 11. O-O Rc8 12. Ne5 cxd4 13. exd4 Qc7 14. Rfe1 b5
15. c5 Nxe5 16. dxe5 Ne4 17. Nxe4 dxe4 18. Rxe4 Qxc5 19. Rc1 Qb6 20. b4 Bb7 21.
Rg4 g6 22. h4 h5 23. Rxg6+ fxg6 24. Bxg6 Qc6 25. f3 Red8 26. Bxh5 Qb6+ 27. Kh2
Qe3 28. Bg4 Qf4+ 29. Kh3 Qh6 30. Qe2 Qxh4# 0-1

[Event "AUTO-ADV-4869"]
[Site "http://www.queenalice.com/game.php?id=1858154"]
[Date "2025.6.2"]
[Round "1"]
[White "shmurtz91"]
[Black "Canaye14"]
[Result "1-0"]
[WhiteElo "1941"]
[BlackElo "1998"]

1. d4 e6 2. e4 d5 3. e5 c5 4. Nf3 Nc6 5. Bb5 Qb6 6. Nc3 cxd4 7. Nxd4 Bb4 8. Qd2
Ne7 9. a3 Bxc3 10. Qxc3 Bd7 11. Nxc6 Nxc6 12. a4 O-O 13. Be3 Qc7 14. O-O Qxe5
15. Qb3 a6 16. Bd3 Rab8 17. Rfe1 Qf6 18. h4 Qxh4 19. Bc5 Nd4 20. Qc3 Nf3+ 21.
Kf1 Nxe1 22. g3 Qd8 23. Qxe1 Re8 24. Qe5 f6 25. Qh5 f5 26. Kg2 Qf6 27. c3 Bc6
28. Bd4 1-0

[Event "AUTO-ADV-4869"]
[Site "http://www.queenalice.com/game.php?id=1858155"]
[Date "2025.6.2"]
[Round "1"]
[White "Canaye14"]
[Black "shmurtz91"]
[Result "1-0"]
[WhiteElo "2078"]
[BlackElo "1931"]

1. d4 Nf6 2. Bf4 c6 3. Nf3 d6 4. e3 Nh5 5. Bg3 Nxg3 6. hxg3 Bf5 7. c3 Nd7 8.
Nbd2 d5 9. Nh4 Be6 10. e4 dxe4 11. Nxe4 g6 12. Ng5 Bg7 13. Nxe6 fxe6 14. Bc4 e5
15. d5 Nb6 16. Qb3 Qc7 17. dxc6 Nxc4 18. Qxc4 bxc6 19. Nf3 Rd8 20. O-O Qb6 21.
b3 Rd6 22. Rfe1 Rf8 23. Re4 g5 24. Rf1 Rdf6 25. Re2 Rf5 26. g4 Rf4 27. Qe6 Qc7
28. Nxg5 h6 29. Qg6+ Kd7 30. Rd2+ 1-0

[Event "AUTO-ADV-4869"]
[Site "http://www.queenalice.com/game.php?id=1858156"]
[Date "2025.6.2"]
[Round "1"]
[White "shmurtz91"]
[Black "EdsonEstevam"]
[Result "1-0"]
[WhiteElo "1931"]
[BlackElo "1771"]

1. d4 d5 2. c4 e6 3. Nf3 Nc6 4. Bd2 Nf6 5. Nc3 Be7 6. Qc2 dxc4 7. e4 Na5 8. Nd1
c6 9. Ne3 b5 10. b3 cxb3 11. axb3 Nb7 12. g3 O-O 13. Bg2 h6 14. e5 Nd5 15. Ng4
Bb4 16. O-O a6 17. Nxh6+ Kh8 18. Ng5 g6 19. Ngxf7+ Kg7 20. Nxd8 Nxd8 21. Ng4 Bd7
22. Bh6+ Kf7 23. Bxf8 Kxf8 24. Qxg6 Be8 25. Qh7 Nf7 26. Nf6 Ne7 27. Rfd1 Rd8 28.
Rd3 Bc5 29. Nh5 Bxd4 30. Qg7# 1-0

[Event "AUTO-ADV-4869"]
[Site "http://www.queenalice.com/game.php?id=1858157"]
[Date "2025.6.2"]
[Round "1"]
[White "EdsonEstevam"]
[Black "shmurtz91"]
[Result "0-1"]
[WhiteElo "1781"]
[BlackElo "1921"]

1. e4 Nc6 2. Nc3 e5 3. Nf3 Bb4 4. Bc4 Nf6 5. Nd5 Bc5 6. h3 Nxe4 7. O-O O-O 8. d3
Nd6 9. a3 Nxc4 10. dxc4 d6 11. Re1 Re8 12. b4 Bd4 13. Rb1 Be6 14. c3 Bxd5 15.
cxd5 Bb6 16. a4 e4 17. Nd4 Ne5 18. a5 Bxd4 19. Qxd4 f5 20. c4 Qf6 21. c5 Nf3+
22. gxf3 Qxd4 23. fxe4 fxe4 24. Bf4 Qf6 25. Be3 Re5 26. Bd4 Rg5+ 0-1

[Event "AUTO-ADV-4835"]
[Site "http://www.queenalice.com/game.php?id=1859030"]
[Date "2025.6.22"]
[Round "2"]
[White "shmurtz91"]
[Black "Capixaba789"]
[Result "1-0"]
[WhiteElo "1989"]
[BlackElo "1940"]

1. d4 e5 2. dxe5 d5 3. c4 Bb4+ 4. Nc3 d4 5. a3 Ba5 6. b4 dxc3 7. Qxd8+ Kxd8 8.
bxa5 Bf5 9. Nf3 Nc6 10. Bg5+ Ke8 11. Rc1 c2 12. Nh4 Be6 13. Rxc2 Nge7 14. Bd2
Nxe5 15. e4 N7c6 16. f4 Ng4 17. e5 Rd8 18. f5 Bc8 19. Bc3 Ngxe5 20. Re2 f6 21.
Re3 Kf7 22. Be2 Rhf8 23. O-O Kg8 24. c5 a6 25. g4 Bd7 26. Bd1 Nc4 27. Bb3 Ne5
28. Nf3 Kh8 29. Re4 Nxa3 30. Nxe5 fxe5 31. Rxe5 Bc6 32. Re7 Rd3 33. Bxg7# 1-0

[Event "AUTO-ADV-4835"]
[Site "http://www.queenalice.com/game.php?id=1859031"]
[Date "2025.6.22"]
[Round "2"]
[White "Capixaba789"]
[Black "shmurtz91"]
[Result "0-1"]
[WhiteElo "1938"]
[BlackElo "1959"]

1. d4 Nf6 2. Nc3 d5 3. f4 e6 4. Nf3 c5 5. e3 Bd6 6. Be2 b6 7. O-O Bb7 8. Kh1 a6
9. dxc5 bxc5 10. Qe1 Qb6 11. Ne5 Nc6 12. Ng4 Nd7 13. Bf3 h5 14. Ne5 Nf6 15. Qg3
Rg8 16. Qh3 Nxe5 17. fxe5 Bxe5 18. Bxh5 Rh8 19. Qf3 g6 20. Bg4 Bxh2 21. Bh3 Be5
22. e4 dxe4 23. Qf2 O-O-O 24. Bg5 Ng4 25. Qxf7 Rxh3+ 26. gxh3 e3+ 27. Rf3 Rh8
28. Na4 Qc6 0-1

[Event "AUTO-ADV-4850"]
[Site "http://www.queenalice.com/game.php?id=1861442"]
[Date "2025.8.11"]
[Round "2"]
[White "shmurtz91"]
[Black "andrevillares"]
[Result "1-0"]
[WhiteElo "2008"]
[BlackElo "2150"]

1. d4 Nf6 2. Nf3 c5 3. d5 d6 4. Bg5 Ne4 5. Bh4 g6 6. Ng5 Qa5+ 7. Nd2 Nxg5 8.
Bxg5 Bg7 9. c3 Bf5 10. e4 Bd7 11. Bd3 b5 12. Nb3 Qb6 13. c4 bxc4 14. Bxc4 Qb4+
15. Nd2 Ba4 16. b3 Bd7 17. Rc1 a5 18. O-O Na6 19. Nf3 Nc7 20. Re1 h6 21. Bd2 Qb6
22. e5 dxe5 23. Bc3 f6 24. Nh4 a4 25. Nxg6 Rh7 26. Bd3 f5 27. Qh5 Kd8 28. Nxe5
Nxd5 29. Nxd7 Kxd7 30. Qxf5+ Kc7 31. Qxh7 Bxc3 32. Rxc3 Nxc3 33. Rxe7+ Kd6 34.
Qxh6+ 1-0

[Event "AUTO-ADV-4850"]
[Site "http://www.queenalice.com/game.php?id=1861443"]
[Date "2025.8.11"]
[Round "2"]
[White "andrevillares"]
[Black "shmurtz91"]
[Result "0-1"]
[WhiteElo "2140"]
[BlackElo "2030"]

1. d4 d5 2. c4 Nf6 3. cxd5 Nxd5 4. e4 Nb6 5. Nf3 g6 6. Nc3 c6 7. Bd3 Bg4 8. Be3
Bg7 9. e5 Nd5 10. Nxd5 cxd5 11. h3 Bd7 12. O-O e6 13. Rc1 Nc6 14. a3 Ne7 15. Bd2
O-O 16. Re1 Nf5 17. Bg5 Qb6 18. b4 Nxd4 19. Be7 Rfe8 20. Nxd4 Rxe7 21. Nb3 Rd8
22. h4 Ba4 23. Bc2 d4 24. Nc5 Bc6 25. h5 Rd5 26. hxg6 fxg6 27. Be4 Rxe5 28. Bxc6
Rxe1+ 29. Qxe1 Qxc6 30. Nd3 Qd6 31. Qe4 e5 32. Rc5 Qf6 33. Qd5+ Kh8 34. f3 h5
35. Rc2 Qf5 36. Qd8+ Qf8 37. Qd5 Qf5 38. Qd8+ Qf8 39. Qd5 g5 40. Re2 Qf6 41. Qe4
Qa6 42. Nxe5 Rxe5 43. Qc2 Rxe2 44. Qc8+ Kh7 45. Qf5+ Kh6 46. b5 Qf6 0-1

[Event "AUTO-ADV-4890"]
[Site "http://www.queenalice.com/game.php?id=1862398"]
[Date "2025.9.2"]
[Round "1"]
[White "shmurtz91"]
[Black "askasl159"]
[Result "1-0"]
[WhiteElo "1999"]
[BlackElo "1733"]

1. d4 d5 2. c4 c6 3. Nf3 g6 4. Nc3 Bg7 5. h3 b5 6. b3 bxc4 7. bxc4 Nf6 8. e3 O-O
9. Bd3 dxc4 10. Bxc4 Nd5 11. Ne4 Nb6 12. Bb3 Ba6 13. Qc2 Nd5 14. Nc5 Nb4 15. Qc3
Nd5 16. Qb2 Bb5 17. a4 Ba6 18. Nxa6 Nxa6 19. Bd2 Re8 20. e4 Ndb4 21. O-O Nd3 22.
Bxf7+ Kxf7 23. Qb3+ e6 24. Qxd3 Nc7 25. Qc4 Qd7 26. Bh6 Bf6 27. Rfd1 Red8 28.
Bg5 Qe7 29. Ne5+ Kg7 30. Nxc6 1-0

[Event "AUTO-ADV-4890"]
[Site "http://www.queenalice.com/game.php?id=1862399"]
[Date "2025.9.2"]
[Round "1"]
[White "askasl159"]
[Black "shmurtz91"]
[Result "0-1"]
[WhiteElo "1749"]
[BlackElo "1993"]

1. e4 e5 2. f4 exf4 3. Nf3 c5 4. d4 b6 5. d5 d6 6. Bxf4 Nf6 7. Bb5+ Nbd7 8. Nc3
a6 9. Bxd7+ Bxd7 10. O-O Be7 11. a3 O-O 12. h3 Re8 13. e5 dxe5 14. Nxe5 Bf5 15.
Nc6 Qd7 16. Re1 Bf8 17. b4 Rxe1+ 18. Qxe1 Nxd5 19. Ne5 Qe6 20. bxc5 Bxc5+ 21.
Kh2 Re8 22. Ne4 Bd4 23. Ng5 Qf6 24. Ngf3 Nxf4 25. Nxd4 Rxe5 26. Qf2 Nxh3 27.
gxh3 Qd6 28. Qf4 Bxh3 29. Kxh3 Rh5+ 30. Kg4 Rh4+ 0-1

[Event "AUTO-ADV-4890"]
[Site "http://www.queenalice.com/game.php?id=1862400"]
[Date "2025.9.2"]
[Round "1"]
[White "shmurtz91"]
[Black "Fauquinelle"]
[Result "1-0"]
[WhiteElo "1974"]
[BlackElo "2046"]

1. d4 d5 2. c4 c6 3. Nc3 dxc4 4. e4 b5 5. a4 Ba6 6. g3 e6 7. Qf3 b4 8. Nce2 Qa5
9. Bd2 c3 10. bxc3 bxc3 11. Bxc3 Bb4 12. Bg2 Bxe2 13. Nxe2 Ne7 14. O-O Nd7 15.
Rfc1 O-O 16. Bb2 Nb6 17. Rc5 Bxc5 18. dxc5 Nd7 19. Nf4 e5 20. Nd3 f6 21. Qe3
Rab8 22. Qc1 Rb3 23. Qc4+ Kh8 24. Qxb3 Rb8 25. Qc2 g5 26. Bh3 Nf8 27. Nxe5 h5
28. Nxc6 Nxc6 29. Bxf6+ Kh7 30. Bf5+ Kh6 31. Qc4 Rb7 32. Qg8 Qd8 33. Qxg5# 1-0

[Event "AUTO-ADV-4890"]
[Site "http://www.queenalice.com/game.php?id=1862401"]
[Date "2025.9.2"]
[Round "1"]
[White "Fauquinelle"]
[Black "shmurtz91"]
[Result "1-0"]
[WhiteElo "2022"]
[BlackElo "1989"]

1. e4 e5 2. Nf3 Nc6 3. Bb5 Nge7 4. Nc3 Nd4 5. Ba4 Nec6 6. d3 a6 7. Be3 b5 8. Bb3
Nxb3 9. axb3 Bb7 10. O-O Ne7 11. Nxe5 d5 12. Qf3 f6 13. Qh5+ g6 14. Nxg6 Nxg6
15. Nxd5 Qd6 16. c4 O-O-O 17. Qf5+ Kb8 18. Rfd1 Bc8 19. Qxf6 Qb4 20. Nxb4 1-0